Paroles de Naïve - Therapie TAXI - Statistiques

Statistiques générales
  • Ce quiz a été pris 153 fois
  • Le résultat moyen est 363 sur 473
Statistiques - réponses
Paroles % Correct
j'
99%
J'
99%
t'
99%
à
97%
a
97%
d'
97%
je
97%
Je
97%
m'
97%
c'
96%
de
96%
et
95%
Et
95%
l'
95%
la
95%
se
95%
suis
95%
dans
94%
Dans
94%
me
94%
moi
94%
pour
91%
ai
87%
ta
87%
te
87%
ce
86%
pas
86%
tu
86%
Tu
86%
fais
83%
Qu'
83%
qu'
83%
ces
82%
toute
82%
chier
81%
seule
81%
toi
81%
danser
79%
dis
79%
dis-
79%
le
79%
pourquoi
79%
Pourquoi
79%
sais
79%
étoiles
78%
mais
78%
Mais
78%
on
78%
On
78%
ou
78%
est
77%
est-
77%
que
77%
qui
77%
voix
77%
Laisse-
75%
perdu
75%
froid
74%
les
74%
même
74%
du
73%
forme
73%
trop
73%
va
73%
corps
70%
peur
70%
reviennes
70%
soirée
70%
ton
70%
vois
70%
brille
69%
cherche
69%
tête
69%
crois
68%
peux
68%
ça
66%
envers
66%
être
66%
histoire
66%
si
66%
une
66%
barres
65%
comme
65%
des
65%
met
65%
pris
65%
soirs
65%
tous
65%
vais
65%
appeler
64%
cette
64%
ciel
64%
mal
64%
ne
64%
nuit
64%
oublies
64%
dire
62%
épave
62%
rêve
62%
y
62%
essayer
61%
choses
60%
nos
60%
nous
60%
parler
60%
aimes
58%
amiable
58%
amoureux
58%
au
58%
déjà
58%
putain
58%
Putain
58%
raccroché
58%
sûr
58%
alors
57%
avais
57%
gagner
57%
tard
57%
deux
56%
drame
56%
problèmes
56%
épuise
55%
Ciné
53%
cinéma
53%
donner
52%
mes
52%
Montre-
52%
peut
52%
suffit
52%
temps
52%
brise
51%
enfer
51%
sens
51%
sortir
51%
dangereux
49%
grave
49%
jeux
49%
sauver
49%
torture
49%
larmes
48%
limites
47%
manège
47%
piège
47%
fond
45%
Oups
45%
paraître
45%
coupables
44%
trembles
44%
braises
43%
disparaître
43%
ensemble
43%
pousse
43%
autres
42%
veut
42%
avant
40%
indissociables
40%
perdus
39%
lâcher
38%
sortie
38%
courir
35%
plans
32%
Chercher
29%
fois
23%
Désirs
21%
Aucun quiz correspondant
Distribution des résultats
% des personnes avec chaque résultat
Percentile par nombre de réponses
Votre historique - résultats
Vous n’avez pas pris ce quiz